|
|
|
|
| LEADER |
00869pam a22002538a 4500 |
| 001 |
00046133 |
| 005 |
20201215161234.0 |
| 008 |
201215s2019####-vm#################vie|d |
| 020 |
# |
# |
|c 0
|a 9786045548547
|
| 041 |
0 |
# |
|a vie
|
| 082 |
0 |
4 |
|a 959.731
|b X100PH
|
| 245 |
0 |
0 |
|a Xã, phường, thị trấn Hà Nội
|
| 260 |
# |
# |
|a Hà Nội
|b Hà Nội
|c 2019
|
| 300 |
# |
# |
|a 983tr.
|c 24cm
|
| 490 |
0 |
# |
|a Tủ sách Thăng Long 1000 năm
|
| 500 |
# |
# |
|a ĐTTS ghi: Uỷ ban nhân dân thành phố Hà Nội. Viện Nghiên cứu phát triển kinh tế - xã hội Hà Nội
|
| 653 |
# |
# |
|a Hà Nội
|
| 653 |
# |
# |
|a Phường
|
| 653 |
# |
# |
|a Thị trấn
|
| 653 |
# |
# |
|a Xã
|
| 852 |
# |
# |
|j KD.0027671
|
| 930 |
|
|
|a 452301
|b 20/02/2020
|
| 941 |
|
|
|a DP
|b XH
|
| 980 |
# |
# |
|a Trung tâm Học liệu Lê Vũ Hùng, Trường Đại học Đồng Tháp
|